| 000 | 00518nam a2200193Ia 4500 | ||
|---|---|---|---|
| 008 | 160319s9999 xx 000 0 und d | ||
| 020 | _a971-554-079-1 | ||
| 050 | _aFIL HD 2326 | ||
| 050 | _b.D48 1978 c.1 | ||
| 245 | _aHow to develop project feasibility studies / | ||
| 260 | _aManila: | ||
| 260 | _bSinag-Tala Pub. Inc., | ||
| 260 | _c1978 | ||
| 300 | _a98 pages : | ||
| 300 | _billustrations ; | ||
| 300 | _c22 cm. | ||
| 650 | _aIndustrial project management. | ||
| 650 | _xIndustry -- Feasibility study. | ||
| 999 |
_c291651 _d291651 |
||